Statistics for Family Feud Pt.2 (The Question Is In The Description)

Click here to take the quiz!

General Stats

  • This quiz has been taken 200 times
  • The average score is 3 of 8

Answer Stats

Points GivenAnswer% Correct
32Honey/Buns
76%
9Sweetie/Sweet
69%
5Sugar
56%
8Cupcake
43%
7Muffin
32%
5Donut
19%
4Doughy
19%
9His Oven
16%

Score Distribution

Percentile by Number Answered

Percent of People with Each Score

Your Score History

You have not taken this quiz